Basic Inorganic Chemistry (Record no. 309)
[ view plain ]
| 000 -LEADER | |
|---|---|
| fixed length control field | 00748nam a22002417a 4500 |
| 008 - FIXED-LENGTH DATA ELEMENTS--GENERAL INFORMATION | |
| fixed length control field | 130506b xxu||||| |||| 00| 0 eng d |
| 020 ## - INTERNATIONAL STANDARD BOOK NUMBER | |
| International Standard Book Number | 9971-51-175-4 |
| 082 ## - DEWEY DECIMAL CLASSIFICATION NUMBER | |
| Edition number | 22 |
| Classification number | 546 COB |
| 100 ## - MAIN ENTRY--PERSONAL NAME | |
| Personal name | Cotton, F Albert |
| 110 ## - MAIN ENTRY--CORPORATE NAME | |
| Corporate name or jurisdiction name as entry element | Wilkinson, Geoffrey and Gaus Paul L |
| 245 ## - TITLE STATEMENT | |
| Title | Basic Inorganic Chemistry |
| 250 ## - EDITION STATEMENT | |
| Edition statement | 3rd edition |
| 260 ## - PUBLICATION, DISTRIBUTION, ETC. (IMPRINT) | |
| Place of publication, distribution, etc. | New York |
| Name of publisher, distributor, etc. | John Wiley and Sons |
| Date of publication, distribution, etc. | 1995 |
| 300 ## - PHYSICAL DESCRIPTION | |
| Extent | 23 cm |
| Other physical details | xii,838 page |
| Type of unit | 15 |
| Size of unit | 23 cm |
| 600 ## - SUBJECT ADDED ENTRY--PERSONAL NAME | |
| Personal name | Inorganic Chemistry |
| 650 ## - SUBJECT ADDED ENTRY--TOPICAL TERM | |
| Source of heading or term | Inorganic Chemistry |
| 700 ## - ADDED ENTRY--PERSONAL NAME | |
| Personal name | Cotton, F Albert |
| 710 ## - ADDED ENTRY--CORPORATE NAME | |
| Corporate name or jurisdiction name as entry element | Wilkinsonm Geoffrey |
| 270 ## - ADDRESS | |
| Address | New York |
| City | New York |
| Country | USA |
| 365 ## - TRADE PRICE | |
| Price amount | 840.00 |
| Unit of pricing | 840.00 |
| 942 ## - ADDED ENTRY ELEMENTS (KOHA) | |
| Source of classification or shelving scheme | |
| Koha item type | Books |
No items available.
